Verification and validation of rule-based expert systems

Αποθηκεύτηκε σε:
Λεπτομέρειες βιβλιογραφικής εγγραφής
Κύριος συγγραφέας: Smith, Suzanne 1953-
Άλλοι συγγραφείς: Kandel, Abraham
Μορφή: Βιβλίο
Γλώσσα:English
Δημοσίευση: Boca Raton, Fla. : CRC Press, c1993
Θέματα:
Ετικέτες: Προσθήκη ετικέτας
Δεν υπάρχουν, Καταχωρήστε ετικέτα πρώτοι!

MARC

LEADER 00000nam a2200000 i 4500
001 1/82561
008 990527s1993 eng d
020 |a 0-8493-8902-X 
035 |l 10051115 
040 |a GR-MY-UA  |b gre  |e aacr 
041 0 |a eng 
082 0 |a 006.33 
100 1 |a Smith, Suzanne  |d 1953- 
245 1 0 |a Verification and validation of rule-based expert systems /  |c Suzanne Smith, Abraham Kandel 
260 |a Boca Raton, Fla. :   |b CRC Press,   |c c1993 
300 |a 203 p.;  |b ill.;  |c 24 cm. 
500 |a Includes bibliographical references and index 
650 0 0 |a Expert systems (Computer science) 
650 0 0 |a Computer software  |x Verification. 
650 0 0 |a Computer software  |x Validation. 
700 1 |a Kandel, Abraham. 
852 |a INST  |b SAMOS  |e 19990527  |h 006.33 SMI  |p 005300014968  |q 005300014968  |t BK  |y 0 
901 |a BIBL3-1999-2 
909 |a Σ  |b 063209 
922 |a 3ΕΛΗ  |b 199904  |c ΚΠΣ  |d GLORY 
950 |a 116-1998-08-10